000 01227nam a2200361 c 4500
001 57898
003 CO-BoRNBP
005 20250812010444.0
007 ta
008 210810s2014 sp a br 000 j spa d
020 _a9788416147557
040 _aCO-BoRNBP
_bspa
_erda
_cCO-BoRNBP
041 0 _aspa
043 _as-ag---
084 _aA
100 _aCornelles, Jerónimo,
_d1976-
_eaut
_961988
245 1 0 _aMariama :
_bdiferente pero igual /
_cJerónimo Cornelles ; ilustraciones Nívola Uyá.
250 _a1a. edición
264 1 _aMadrid, España :
_bCuento de luz,
_c2014
300 _a29 páginas sin numerar :
_bilustraciones a color
336 _atexto
_btxt
_2rdacontent
337 _asin mediación
_bn
_2rdamedia
338 _avolumen
_bnc
_2rdacarrier
521 _aRecomendado para un público infantil mayor de 6 años
650 0 7 _aContraculturas
_vcuentos
_2lemb
_961989
650 0 7 _aEmigración e inmigración
_vcuentos
_2lemb
_961990
650 0 4 _aLiteratura infantil argentina
_ysiglo xx
_2LEMB
_9783
650 0 7 _aNegros
_vcuentos
_2LEMB
_961991
650 0 4 _aCuentos infantiles argentinos
_ysiglo xx
_2LEMB
655 _aCuentos
_9324660
700 _aUyá, Nívola
_eill
_961992
942 _2loc
_cBKLITI
999 _c57898
_d57898